01020pam a2200277 a 4500001000700000003001200007005001700019008004100036010001700077020002200094020001500116040002200131050002100153082001400174100003300188245008800221250001200309260003600321300002900357440007300386650005400459740004700513740002400560856008500584856007300669534631NUST - PNEC20170116180834.0871217s1989 nyua 000 0 eng  a 87035348  a0070552215 (pbk.) a0070991340 aDLCcLIBRARYdDLC00aQA297b.S37 198900a519.4 SCH1 aScheid, Francis,d1920-2011.10aSchaum's outline of theory and problems of numerical analysis /cby Francis Scheid. a2nd ed. aNew York :bMcGraw-Hill,c1989. a471 p. :bill. ;c28 cm. 0aSchaum's outline series.pPNECSchaum's outline series in mathematics 0aNumerical analysisvProblems, exercises, etc.xME0 aTheory and problems of numerical analysis.0 aNumerical analysis.423Publisher descriptionuhttp://www.loc.gov/catdir/description/mh022/87035348.html413Table of contentsuhttp://www.loc.gov/catdir/toc/mh021/87035348.html